01304nam a2200337Ia 4500001001200000003000800012006001900020007001500039008004100054010001700095020002700112020003000139020001800169040002100187035002100208050002400229082001900253100002600272245012000298260004900418300002400467504006300491533015200554650002200706650003000728655002900758700001900787710001700806856012600823999001700949ebr10660322CaPaEBRm u cr cn|||||||||080725s2009 nyua sb 001 0 eng d z 2008033119 z1604569360 (softcover) z9781604569360 (softcover) z9781607419099 aCaPaEBRcCaPaEBR a(OCoLC)43021713414aTD1030b.K67 2009eb04a667/.202862221 aKoprivanac, Natalija.10aHazardous organic pollutants in colored wastewatersh[electronic resource] /cNatalija Koprivanac and Hrvoje Kusic. aNew York :bNova Science Publishers,cc2009. aviii, 81 p. :bill. aIncludes bibliographical references (p. [59-72) and index. aElectronic reproduction.bPalo Alto, Calif. :cebrary,d2013.nAvailable via World Wide Web.nAccess may be limited to ebrary affiliated libraries. 0aHazardous wastes. 0aOrganic water pollutants. 7aElectronic books.2local1 aKusic, Hrvoje.2 aebrary, Inc.40uhttp://site.ebrary.com/lib/rucke/Doc?id=10660322zAn electronic book accessible through the World Wide Web; click to view c66702d66702